FMB state of trade survey (Record no. 104769)
[ view plain ]
| 000 -LEADER | |
|---|---|
| fixed length control field | 01211cam a2200205 4500 |
| 001 - CONTROL NUMBER | |
| control field | ##L131450 |
| 008 - FIXED-LENGTH DATA ELEMENTS--GENERAL INFORMATION | |
| fixed length control field | 050510n2005 000 0 eng u |
| 035 ## - SYSTEM CONTROL NUMBER | |
| System control number | (Sirsi) u131450 |
| 041 0# - LANGUAGE CODE | |
| Language code of text/sound track or separate title | eng |
| 110 2# - MAIN ENTRY--CORPORATE NAME | |
| Corporate name or jurisdiction name as entry element | Federation of Master Builders |
| 9 (RLIN) | 465 |
| 245 00 - TITLE STATEMENT | |
| Title | FMB state of trade survey |
| Remainder of title | thirdquarter of 2005 |
| 260 ## - PUBLICATION, DISTRIBUTION, ETC. | |
| Name of publisher, distributor, etc. | FMB |
| Date of publication, distribution, etc. | 2005 |
| 490 #0 - SERIES STATEMENT | |
| Series statement | FMB State of Trade Survey |
| Volume/sequential designation | ThirdQuarter 2005 |
| 520 ## - SUMMARY, ETC. | |
| Summary, etc. | Key findings include evidence that the upwards trend in the workload of small and medium-sized builders has come to an end. There are indications of a downturn in the underlying trend in workload, together with a slackening in employment. There are expectations of a slight increase in workload and employment in the fourth quarter, although these are anticipated to be only in the residential sector. Third quarter findings are in fact the weakest for any quarter since 1999. |
| 590 ## - LOCAL NOTE (RLIN) | |
| Local note | IKA081105 |
| 650 24 - SUBJECT ADDED ENTRY--TOPICAL TERM | |
| Topical term or geographic name entry element | FEDERATION OF MASTER BUILDERS STATE OF TRADE SURVEY |
| 690 ## - LOCAL SUBJECT ADDED ENTRY--TOPICAL TERM (OCLC, RLIN) | |
| Topical term or geographic name as entry element | BUILT ENVIRONMENT-CONSTRUCTION MARKET |
| 856 40 - ELECTRONIC LOCATION AND ACCESS | |
| Uniform Resource Identifier | <a href="https://www.fmb.org.uk/information-and-help/publications/state-of-trade-survey/?entryid24=3152&p=3">https://www.fmb.org.uk/information-and-help/publications/state-of-trade-survey/?entryid24=3152&p=3</a> |
| Public note | View the item free of charge at www.fmb.org.uk... |
| 942 ## - ADDED ENTRY ELEMENTS (KOHA) | |
| Suppress in OPAC | 0 |
| Withdrawn status | Lost status | Source of classification or shelving scheme | Damaged status | Not for loan | Home library | Current library | Shelving location | Date acquired | Total Checkouts | Full call number | Barcode | Date last seen | Copy number | Price effective from | Koha item type |
|---|---|---|---|---|---|---|---|---|---|---|---|---|---|---|---|
| Dewey Decimal Classification | Virtual | Virtual | Online | 03/11/2005 | ONLINE PUBLICATION | 131450-1001 | 06/08/2019 | 1 | 06/08/2019 | Book |